Puchar Davisa - Statystyki

Ogólne statystyki
  • Ten quiz został rozwiązany 17 razy
    15 od ostatniego zresetowania
  • Średni wynik to 96 z 111
Statystyki odpowiedzi
Rok Zwycięzca % Poprawnych
2016 Argentyna
100%
1993 Niemcy
100%
2012 | 2013 Czechy
93%
1927 | 1928 | 1929 | +7 others Francja
93%
2000 | 2004 | 2008 | +3 others Hiszpania
93%
2022 Kanada
93%
2002 | 2006 | 2020-2021 Rosja
93%
2010 Serbia
93%
2014 Szwajcaria
93%
1900 | 1902 | 1913 | +27 others USA
93%
1903 | 1904 | 1905 | +9 others Wielka Brytania
93%
1976 | 2023 Włochy
93%
1914 | 1919 | 1939 | +21 others Australia
87%
1975 | 1984 | 1985 | +4 others Szwecja
87%
2005 | 2018 Chorwacja
80%
1974 RPA
80%
1980 Czechosłowacja
67%
1988 | 1989 RFN
47%
1907 | 1908 | 1909 | 1911 Australazja
0%
Nie znaleziono quizów pasujących do podanych kryteriów
Rozkład punktacji
Procent ludzi z każdym wynikiem
Percentyl według liczby udzielonych odpowiedzi
Twoja historia wyników
Nie rozwiązałeś tego quizu od ostatniego zresetowania